Interkultúrna komunikácia z hľadiska kontextu alternatívny prístup ku štúdiu interkultúrnej komunikácie

Alternatívny prístup ku skúmaniu interkultúrnej komunikácie z hľadiska kontextu a jeho jednotlivých rovín.

Guardado en:
Detalles Bibliográficos
Autor principal: Hrivíková, Tatiana, 1959-
Formato: Capítulo de libro
Lenguaje:eslovaco
Materias:
Etiquetas: Agregar Etiqueta
Sin Etiquetas, Sea el primero en etiquetar este registro!

MARC

LEADER 00000naa a2200000 4500
001 0159726
005 20240502072752.4
041 0 |a slo 
044 |a SK 
245 1 0 |a Interkultúrna komunikácia z hľadiska kontextu alternatívny prístup ku štúdiu interkultúrnej komunikácie  |c Tatiana Hrivíková 
520 |a Alternatívny prístup ku skúmaniu interkultúrnej komunikácie z hľadiska kontextu a jeho jednotlivých rovín. 
610 2 0 |a jazyky cudzie 
610 2 0 |a komunikácia interná 
610 2 0 |a komunikácia multikultúrna 
610 2 0 |a zvyklosti kultúrne 
100 1 |a Hrivíková, Tatiana, 1959-